Państwa najbliżej Arabii Saudyjskiej A-Z - Statystyki

Ogólne statystyki
  • Ten quiz został rozwiązany 80 razy
    65 od ostatniego zresetowania
  • Średni wynik to 20 z 24
Statystyki odpowiedzi
Litera Państwo % Poprawnych
I Irak
98%
J Jemen / Jordania
98%
Ł Łotwa
98%
O Oman
98%
V Vanuatu
96%
K Katar / Kuwejt
95%
L Liban
95%
U Uzbekistan
93%
T Turcja
91%
Z Zjednoczone Emiraty Arabskie
91%
E Egipt
89%
A Azerbejdżan
87%
G Grecja
87%
P Pakistan
87%
B Bahrajn
84%
C Cypr
84%
R Rosja
84%
F Francja
82%
D Dżibuti
80%
S Sudan
75%
H Hiszpania
71%
N Niger
65%
W Włochy
64%
M Macedonia Północna
51%
Nie znaleziono quizów pasujących do podanych kryteriów
Rozkład punktacji
Procent ludzi z każdym wynikiem
Percentyl według liczby udzielonych odpowiedzi
Twoja historia wyników
Nie rozwiązałeś tego quizu od ostatniego zresetowania